000 00254nam a22001217a 4500
008 181207b xxu||||| |||| 00| 0 eng d
041 _aeng
080 _a371
100 _a46
101 _aEDU
245 _aOutposts
_cDeffenbaugh,S.A
942 _2udc
_cBK
999 _c53001
_d53001